000 00485nam a2200169 i 4500
001 bg
245 0 _aEksploatacja techniczna maszyn i pojazdów rolniczych /
_cpod red. E. Dreszczyka.
260 _aPoznań,
_c1978.
650 9 _aRolnictwo
_xnarzędzia i maszyny
_xobsługa i eksploatacja
650 9 _aMaszyny
_xeksploatacja
700 1 _aDreszczyk, Edward.
_eRed.
040 _cBPK
041 _apol
080 _a631.3
942 _cKS
008 s pl f |000 0 pol
999 _c17813
_d17813
856 _uhttp://koha.tu.koszalin.pl/cgi-bin/koha/opac-detail.pl?biblionumber=17813
_yKatalog online BPK